000 00267nam a22001217a 4500
082 _a823
_bCLO/S
100 _aCLOVER, PETER
245 _aSHELTIE IN DANGER
246 _aSHELTIE IN DANGER
_bSHELTIE IN DANGER
260 _c1997
650 _aENGLISH STORY
942 _cBK
999 _c8705
_d8705